000 00425nam a2200193Ia 4500
001 11626
003 GE_BSU
008 181216s||||||||xx |||||||||||||| ||und||
040 _cGE_BSU
080 _a94(410)
100 _aBurke,John.
245 _aHistory of England.
260 _aLondon
260 _bBook club associates.
260 _c1974.
300 _a349p;ill;26cm.
653 _aHistory of England.
942 _cBK
999 _c44821
_d44821